Post-process theory: beyond the writing-process paradigm

Gardado en:
Detalles Bibliográficos
Autor Principal: Kent, Thomas (Author)
Formato: Libro
Idioma:inglés
Publicado: Carbondale Southern Illinois University 1999
Series:Retoric-Composition
Subjects:
Tags: Engadir etiqueta
Sen Etiquetas, Sexa o primeiro en etiquetar este rexistro!

MARC

LEADER 00000nam a2200000 a 4500
001 UCM0406
003 CL-VaPUC
008 020301e19990000US |||||||||||||||||eng|d
082 0 4 |a 808.001  |b KEN  |2 21 
100 |a Kent, Thomas  |e author  |9 470857 
245 1 0 |a Post-process theory: beyond the writing-process paradigm 
300 |a 248 p 
942 |c BK 
945 |d 20020301 00:00:00  |a cmena 
260 |a Carbondale  |b Southern Illinois University  |c 1999 
650 0 |a Lengua inglesa  |9 318842 
650 0 |a Retórica   |9 266620 
650 0 |a Educación lingüística  |9 306506 
583 |a last modification  |c 20170824 12:13:51  |k Rodrigo Vera 
490 0 |a Retoric-Composition 
999 |c 299316  |d 299314 
952 |0 0  |1 0  |4 0  |6 808_001000000000000_KEN_1999  |7 0  |8 A  |9 355786  |a FDOPOS  |b FDOPOS  |d 2019-11-21  |i 3790304  |o 808.001 KEN 1999  |p 3790304  |r 2025-01-22  |w 2019-11-21  |y BK  |k MLA 
952 |0 0  |1 0  |4 0  |6 808_001000000000000_KEN_1999  |7 0  |8 A  |9 355787  |a FDOPOS  |b FDOPOS  |d 2019-11-21  |i 383834K  |o 808.001 KEN 1999  |p 383834K  |r 2025-01-22  |w 2019-11-21  |y BK  |k MLA 
952 |0 0  |1 0  |4 0  |6 808_001000000000000_KEN_1999  |7 0  |8 A  |9 355788  |a FDOPOS  |b FDOPOS  |d 2019-11-21  |i 3842533  |o 808.001 KEN 1999  |p 3842533  |r 2025-01-22  |w 2019-11-21  |y BK  |k MLA